000 00885nam a22002777a 4500
001 9789718219546
003 URS
005 20250313162358.0
008 250213t2022 |||||||| |||| 00| 0 eng d
020 _a9789718219546
040 _beng
_cURS
_dURS
_erda
050 1 4 _aHF 5721
_dAp26 2022
100 1 _aAperocho, Maico Demi B.
_eauthor.
245 1 0 _aTechnical writing across disciplines
_cMaico Demi B. Aperocho, Geoffrey E. Girado, Edwin L. Nebria.
264 1 _aMalabon City
_bMutya Publishing House, Inc
_c[2022]
264 4 _c©2022
300 _a90 pages
_c26 cm
336 _2rdacontent
_atext
337 _2rdamedia
_aunmediated
338 _2rdacarrier
_avolume
650 0 _aTechnical writing.
700 1 _aGirado, Geoffrey E.
_eauthor.
700 1 _aNebria, Edwin L.
_eauthor.
710 2 _aMutya Publishing House, Inc.
_epublisher.
942 _2lcc
_cF
999 _c82296
_d82295